00230nam a2200097Ia 4500008004100000100002200041245002300063260002200086942000700108999001700115190216s9999||||xx |||||||||||||| ||und|| aSreedaran Moosath 0aVyavasayika Carbon bKerala Basha Inst cBK c38090d38090